[Event "Plzen, FSB A"]
[Site "?"]
[Date "2003.??.??"]
[Round "7.46"]
[White "Beran, B."]
[Black "Wunsch, J."]
[Result "1-0"]
[WhiteElo "1935"]
[BlackElo "2130"]
[PlyCount "75"]
[EventDate "2003.??.??"]
[Source "ChessBase"]
[SourceDate "1996.11.15"]

1. Nf3 d6 2. c4 e5 3. e4 Nf6 4. Nc3 g6 5. d4 exd4 6. Nxd4 Bg7 7. Be2 O-O 8. Bg5
Re8 9. f3 c6 10. Qd2 Qc7 11. O-O Nbd7 12. Bh6 Bh8 13. Rfd1 Nf8 14. Be3 b6 15.
Nc2 Rd8 16. e5 Ne8 17. Bf4 Bb7 18. exd6 Qd7 19. Rac1 Ne6 20. Bg3 Bg7 21. b3 Bf8
22. Bh4 f6 23. Ne4 g5 24. Bg3 h6 25. f4 f5 26. Nf2 g4 27. Bh4 Rdc8 28. Nxg4
fxg4 29. Bxg4 Bxd6 30. Kh1 Qf7 31. f5 Qg7 32. Ne3 Bf4 33. fxe6 Bxe3 34. Qxe3
Qxg4 35. Rd4 Qh5 36. Qg3+ Kh8 37. Rd7 Qf5 38. Rf7 1-0

[Event "Plzen, FSB A"]
[Site "?"]
[Date "2003.??.??"]
[Round "7.48"]
[White "Vladyka, V."]
[Black "Kratochvil, J."]
[Result "1/2-1/2"]
[WhiteElo "2079"]
[BlackElo "1977"]
[PlyCount "38"]
[EventDate "2003.??.??"]
[Source "ChessBase"]
[SourceDate "1996.11.15"]

1. e4 d5 2. exd5 Nf6 3. Bb5+ Bd7 4. Bc4 Bg4 5. f3 Bc8 6. Nc3 Nbd7 7. Nge2 Nb6
8. Bb3 Nbxd5 9. d4 Bf5 10. O-O e6 11. Nxd5 Nxd5 12. Nc3 Be7 13. Nxd5 exd5 14.
Bf4 O-O 15. c3 Bd6 16. Qd2 Bxf4 17. Qxf4 Qd7 18. Rae1 Rfe8 19. Re5 Rxe5 1/2-1/2

[Event "Plzen, FSB A"]
[Site "?"]
[Date "2003.??.??"]
[Round "7.49"]
[White "Kalista, K."]
[Black "Prazak, O."]
[Result "1-0"]
[WhiteElo "2074"]
[BlackElo "2010"]
[PlyCount "71"]
[EventDate "2003.??.??"]
[Source "ChessBase"]
[SourceDate "1996.11.15"]

1. d4 Nf6 2. c4 e6 3. Nf3 d5 4. Nc3 Nbd7 5. Bg5 c6 6. e3 Qa5 7. Nd2 dxc4 8.
Bxf6 Nxf6 9. Nxc4 Qc7 10. Bd3 Be7 11. O-O O-O 12. Rc1 b6 13. Ne5 Bd7 14. f4 Qb7
15. Qf3 Rab8 16. f5 exf5 17. Nxd7 Qxd7 18. Bxf5 Qd6 19. Ne4 Qb4 20. Rxc6 Nxe4
21. Qxe4 g6 22. Bd7 Bg5 23. Qe5 Bh6 24. b3 Qd2 25. d5 Bxe3+ 26. Kh1 Bd4 27. Qe4
Bc5 28. a4 Rbd8 29. Rc7 a5 30. Bc6 Rd6 31. Rcxf7 Rxf7 32. Qe8+ Kg7 33. Rxf7+
Kh6 34. Qf8+ Kh5 35. Rxh7+ Kg5 36. Qh6+ 1-0

[Event "Plzen, FSB A"]
[Site "?"]
[Date "2003.??.??"]
[Round "7.50"]
[White "Vrana, J."]
[Black "Kamenik, M."]
[Result "1/2-1/2"]
[WhiteElo "1855"]
[BlackElo "2057"]
[PlyCount "31"]
[EventDate "2003.??.??"]
[Source "ChessBase"]
[SourceDate "1996.11.15"]

1. e4 c5 2. c3 Nf6 3. e5 Nd5 4. Nf3 e6 5. d4 cxd4 6. cxd4 Nc6 7. Bc4 Nb6 8. Bb3
d6 9. exd6 Bxd6 10. O-O O-O 11. Nc3 e5 12. dxe5 Nxe5 13. Nxe5 Bxe5 14. Qxd8
Rxd8 15. Be3 Bf5 16. Rfd1 1/2-1/2

[Event "Plzen, FSB A"]
[Site "?"]
[Date "2003.??.??"]
[Round "7.51"]
[White "Houska, J."]
[Black "Hasek, P."]
[Result "1-0"]
[WhiteElo "2056"]
[BlackElo "1934"]
[PlyCount "73"]
[EventDate "2003.??.??"]
[Source "ChessBase"]
[SourceDate "1996.11.15"]

1. d4 d5 2. c4 c6 3. Nc3 Nf6 4. Nf3 e6 5. Bg5 dxc4 6. e4 b5 7. e5 h6 8. Bh4 g5
9. Nxg5 hxg5 10. Bxg5 Nbd7 11. g3 Bb7 12. Bg2 Qb6 13. exf6 O-O-O 14. O-O c5 15.
d5 b4 16. Rb1 Ne5 17. Qe2 Nd3 18. dxe6 Bxg2 19. Kxg2 Qc6+ 20. Qe4 Qxe4+ 21.
Nxe4 fxe6 22. g4 Kc7 23. h4 Kc6 24. h5 a5 25. Rh1 a4 26. Be3 Kd5 27. f3 Ke5 28.
Kg3 Ra8 29. g5 Kf5 30. g6 a3 31. bxa3 Rxa3 32. g7 Bxg7 33. fxg7 Rg8 34. h6 Ne5
35. Rh5+ Kg6 36. Rg5+ Kh7 37. Nf6+ 1-0

[Event "Plzen, FSB A"]
[Site "?"]
[Date "2003.??.??"]
[Round "7.52"]
[White "Hajek, J."]
[Black "Letourneur, A."]
[Result "1-0"]
[WhiteElo "2029"]
[BlackElo "1830"]
[PlyCount "69"]
[EventDate "2003.??.??"]
[Source "ChessBase"]
[SourceDate "1996.11.15"]

1. e4 e6 2. d4 d5 3. Nd2 Nf6 4. e5 Nfd7 5. Bd3 c5 6. c3 Nc6 7. Ne2 cxd4 8. cxd4
f6 9. exf6 Nxf6 10. Nf3 Bd6 11. O-O O-O 12. Bf4 Qc7 13. g3 Bd7 14. Rc1 Bxf4 15.
Nxf4 Qd6 16. Re1 Rae8 17. Qd2 a6 18. a3 b5 19. b4 Re7 20. Bb1 a5 21. Rc5 axb4
22. axb4 Nd8 23. h4 Nb7 24. Rcc1 Qb6 25. Ng5 Rfe8 26. Qd3 h6 27. Ng6 hxg5 28.
Nxe7+ Rxe7 29. hxg5 Ne4 30. Rxe4 dxe4 31. Qxe4 Nd6 32. Qh7+ Kf8 33. Qh8+ Kf7
34. g6+ Kf6 35. Qh4# 1-0

[Event "Plzen, FSB A"]
[Site "?"]
[Date "2003.??.??"]
[Round "7.53"]
[White "Huisman, H."]
[Black "Szarowski, D."]
[Result "1-0"]
[WhiteElo "2135"]
[BlackElo "1930"]
[PlyCount "73"]
[EventDate "2003.??.??"]
[Source "ChessBase"]
[SourceDate "1996.11.15"]

1. d4 d5 2. Nc3 Nf6 3. e4 Nxe4 4. Nxe4 dxe4 5. f3 exf3 6. Nxf3 Nd7 7. Bd3 g6 8.
O-O Bg7 9. c3 O-O 10. Bf4 c6 11. Qd2 b6 12. Bh6 Bb7 13. Bxg7 Kxg7 14. Ng5 h6
15. Rxf7+ Rxf7 16. Ne6+ Kh7 17. Nxd8 Rxd8 18. Qc2 Nf8 19. Re1 Bc8 20. Re3 Rd6
21. Qe2 Re6 22. Rxe6 Bxe6 23. Bc4 Bd5 24. Bxd5 cxd5 25. b3 e6 26. c4 dxc4 27.
bxc4 Rc7 28. g4 Kg8 29. h4 Kf7 30. Kf2 Ke7 31. Ke3 Nd7 32. Kd3 Rc8 33. Qe4 Rg8
34. h5 gxh5 35. Qh7+ Kf8 36. Qxd7 hxg4 37. Qxe6 1-0

[Event "Plzen, FSB A"]
[Site "?"]
[Date "2003.??.??"]
[Round "7.55"]
[White "Postupa, P."]
[Black "Vinklarek, O."]
[Result "0-1"]
[WhiteElo "1863"]
[BlackElo "2061"]
[PlyCount "51"]
[EventDate "2003.??.??"]
[Source "ChessBase"]
[SourceDate "1996.11.15"]

1. e4 c5 2. Nf3 Nc6 3. d4 cxd4 4. Nxd4 Nf6 5. Nc3 e5 6. Ndb5 d6 7. Bg5 a6 8.
Na3 b5 9. Nd5 Be7 10. Bxf6 Bxf6 11. c3 O-O 12. Be2 Bg5 13. Nc2 f5 14. exf5 Bxf5
15. O-O Ra7 16. a4 bxa4 17. Rxa4 a5 18. Nce3 Bg6 19. Bd3 Be8 20. Bc4 Kh8 21.
Ra3 Rb7 22. b3 Bg6 23. Qe2 Bf4 24. f3 Bh6 25. Ng4 Bg5 26. Nf2 0-1

[Event "Plzen, FSB A"]
[Site "?"]
[Date "2003.??.??"]
[Round "7.56"]
[White "Kovar, J."]
[Black "Krejcova, K."]
[Result "1-0"]
[WhiteElo "1922"]
[BlackElo "1848"]
[PlyCount "91"]
[EventDate "2003.??.??"]
[Source "ChessBase"]
[SourceDate "1996.11.15"]

1. e4 c5 2. Nf3 d6 3. d4 cxd4 4. Nxd4 Nf6 5. Nc3 a6 6. Be2 e6 7. Be3 Nbd7 8.
O-O b5 9. a3 Bb7 10. f3 Be7 11. Qd2 O-O 12. Rad1 d5 13. exd5 Nxd5 14. Nxd5 Bxd5
15. f4 Nb6 16. Bf3 Bxf3 17. Nxf3 Qxd2 18. Nxd2 Nd5 19. Bd4 Rac8 20. c3 Bc5 21.
Bxc5 Rxc5 22. Nb3 Rc4 23. Rd4 Rfc8 24. g3 g6 25. Kf2 Kg7 26. Rfd1 R8c7 27. R1d3
Rc8 28. Na1 R8c6 29. Kf3 Rxd4 30. Rxd4 Nb6 31. Nc2 Na4 32. Nb4 Rc4 33. Rxc4
bxc4 34. Nxa6 Nxb2 35. Ke3 Kf6 36. Kd4 g5 37. fxg5+ Kxg5 38. Nc5 Kf5 39. a4 e5+
40. Ke3 Nxa4 41. Nxa4 Kg4 42. Nb2 Kh3 43. Nxc4 Kxh2 44. Kf3 e4+ 45. Kf2 Kh3 46.
Ne3 1-0

[Event "Plzen, FSB A"]
[Site "?"]
[Date "2003.??.??"]
[Round "7.57"]
[White "Traczewski, W."]
[Black "Miskolczi, V."]
[Result "0-1"]
[WhiteElo "1800"]
[BlackElo "2019"]
[PlyCount "54"]
[EventDate "2003.??.??"]
[Source "ChessBase"]
[SourceDate "1996.11.15"]

1. e4 d5 2. exd5 Qxd5 3. Nc3 Qa5 4. d4 Nf6 5. Nf3 Nc6 6. Bc4 Bg4 7. Be3 O-O-O
8. Bxf7 e5 9. d5 e4 10. h3 exf3 11. hxg4 fxg2 12. Rg1 Ne5 13. Be6+ Kb8 14. Bd2
Nc4 15. Ne4 Nxd2 16. Qxd2 Bb4 17. c3 Nxe4 18. cxb4 Nxd2 19. bxa5 Nf3+ 20. Ke2
Nxg1+ 21. Rxg1 Rhe8 22. Kf3 c6 23. Kxg2 g6 24. Rh1 cxd5 25. Bf7 Rh8 26. Rd1 Rd7
27. Be6 Rd6 0-1

[Event "Plzen, FSB A"]
[Site "?"]
[Date "2003.??.??"]
[Round "8.1"]
[White "Fedorchuk, S."]
[Black "Neuman, P."]
[Result "1/2-1/2"]
[WhiteElo "2557"]
[BlackElo "2438"]
[PlyCount "61"]
[EventDate "2003.??.??"]
[Source "ChessBase"]
[SourceDate "1996.11.15"]

1. e4 c5 2. Nf3 d6 3. d4 cxd4 4. Nxd4 Nf6 5. Nc3 Nc6 6. Bg5 Bd7 7. Qd2 Rc8 8.
O-O-O Nxd4 9. Qxd4 Qa5 10. Bd2 a6 11. Kb1 Qc5 12. Qxc5 Rxc5 13. f3 g6 14. Be3
Rc6 15. Bd4 Bg7 16. g4 h6 17. h4 O-O 18. Bh3 Bc8 19. a3 Re8 20. Na2 Be6 21. Nb4
Rc4 22. b3 Rcc8 23. Bb2 a5 24. Nd3 g5 25. Bc1 a4 26. b4 Rc3 27. hxg5 hxg5 28.
Rh2 Rec8 29. Bb2 Nd7 30. f4 gxf4 31. Nxf4 1/2-1/2

[Event "Plzen, FSB A"]
[Site "?"]
[Date "2003.??.??"]
[Round "8.3"]
[White "Kalod, R."]
[Black "Jansa, V."]
[Result "1/2-1/2"]
[WhiteElo "2435"]
[BlackElo "2470"]
[PlyCount "71"]
[EventDate "2003.??.??"]
[Source "ChessBase"]
[SourceDate "1996.11.15"]

1. Nf3 Nf6 2. d4 g6 3. c4 Bg7 4. Nc3 d5 5. Bf4 O-O 6. Rc1 c6 7. e3 Be6 8. Ng5
Bf5 9. Be2 Qb6 10. Qd2 h6 11. Nf3 Ne4 12. Nxe4 Bxe4 13. O-O Nd7 14. Rfd1 dxc4
15. Bxc4 Rad8 16. Qe2 Qa5 17. a3 Qh5 18. Bc7 Rc8 19. Bg3 c5 20. Bb5 Nf6 21. Be5
cxd4 22. Bxd4 Ng4 23. h3 Bxf3 24. gxf3 Ne5 25. Bxe5 Bxe5 26. Bd7 Rxc1 27. Rxc1
Bd6 28. Bg4 Qa5 29. f4 Rd8 30. Rc8 Rxc8 31. Bxc8 Qc7 32. Bg4 Qc1+ 33. Kg2 b6
34. Bf3 Kg7 35. a4 Bb4 36. b3 1/2-1/2

[Event "Plzen, FSB A"]
[Site "?"]
[Date "2003.??.??"]
[Round "8.4"]
[White "Laznicka, V."]
[Black "Polak, T."]
[Result "1/2-1/2"]
[WhiteElo "2446"]
[BlackElo "2473"]
[PlyCount "83"]
[EventDate "2003.??.??"]
[Source "ChessBase"]
[SourceDate "1996.11.15"]

1. e4 c6 2. d4 d5 3. Nc3 dxe4 4. Nxe4 Nd7 5. Nf3 Ngf6 6. Nxf6+ Nxf6 7. Be2 Bg4
8. h3 Bh5 9. c3 e6 10. Bf4 Bd6 11. Qd2 Qc7 12. Bxd6 Qxd6 13. O-O-O O-O-O 14.
Rhe1 Qc7 15. Ne5 Bxe2 16. Qxe2 Rhf8 17. Kb1 Kb8 18. Rd3 Nd7 19. Nf3 h6 20. Red1
Rfe8 21. c4 Nb6 22. R3d2 Qf4 23. b3 Qf5+ 24. Kb2 Qf6 25. Qe4 Kc8 26. Rd3 Nd7
27. Kb1 Qe7 28. Qe3 a6 29. Kb2 Qf6 30. b4 Qe7 31. Kb3 Kb8 32. a4 Rc8 33. Re1
Qd6 34. Ne5 f6 35. Nf3 b5 36. Nd2 Nb6 37. axb5 axb5 38. Qg3 bxc4+ 39. Nxc4 Nxc4
40. Kxc4 Rcd8 41. Qxd6+ Rxd6 42. Rde3 1/2-1/2

[Event "Plzen, FSB A"]
[Site "?"]
[Date "2003.??.??"]
[Round "8.5"]
[White "Volosin, L."]
[Black "Michalek, J."]
[Result "0-1"]
[WhiteElo "2468"]
[BlackElo "2390"]
[PlyCount "62"]
[EventDate "2003.??.??"]
[Source "ChessBase"]
[SourceDate "1996.11.15"]

1. d4 Nf6 2. c4 g6 3. Nc3 Bg7 4. e4 O-O 5. Be3 d6 6. f3 e5 7. d5 Nh5 8. Qd2
Qh4+ 9. g3 Nxg3 10. Qf2 Nxf1 11. Qxh4 Nxe3 12. Qf2 Nxc4 13. O-O-O c6 14. Kb1
Bd7 15. Nge2 b5 16. Ng3 b4 17. Nce2 cxd5 18. exd5 f5 19. h4 Na6 20. h5 Nc5 21.
hxg6 hxg6 22. Rh4 f4 23. Ne4 Bf5 24. N2g3 fxg3 25. Qxg3 b3 26. axb3 Nxb3 27.
Rd3 Rab8 28. Qg2 Nd4 29. Ka1 Rfc8 30. Rh2 Nb3+ 31. Kb1 Ncd2+ 0-1

[Event "Plzen, FSB A"]
[Site "?"]
[Date "2003.??.??"]
[Round "8.7"]
[White "Petr, M."]
[Black "Cvek, R."]
[Result "1/2-1/2"]
[WhiteElo "2236"]
[BlackElo "2471"]
[PlyCount "94"]
[EventDate "2003.??.??"]
[Source "ChessBase"]
[SourceDate "1996.11.15"]

1. e4 c5 2. Nf3 Nc6 3. d4 cxd4 4. Nxd4 Nf6 5. Nc3 d6 6. f3 e5 7. Nb3 Be6 8. Be3
d5 9. exd5 Nxd5 10. Nxd5 Qxd5 11. Qxd5 Bxd5 12. O-O-O O-O-O 13. Bb5 a6 14. Be2
Kc7 15. c3 Be7 16. Kc2 Be6 17. Bd3 a5 18. a4 b6 19. Nd2 h6 20. b3 Bg5 21. Bf2
Bxd2 22. Rxd2 Rd7 23. Bc4 Rxd2+ 24. Kxd2 Rd8+ 25. Kc2 Rd6 26. Be2 Bf5+ 27. Kc1
Rg6 28. g3 Rf6 29. Be3 Be6 30. Kb2 Bd5 31. Rf1 Ne7 32. f4 exf4 33. Bxf4+ Kb7
34. h4 Re6 35. Bd3 Nc6 36. Rd1 Ne7 37. Bb5 f6 38. h5 Re4 39. Ka3 Re6 40. Bd7
Re4 41. Bg4 Ka6 42. Bf3 Rxa4+ 43. Kxa4 Bxf3 44. Rd8 Bxh5 45. Ra8+ Kb7 46. Rb8+
Ka6 47. Ra8+ Kb7 1/2-1/2

[Event "Plzen, FSB A"]
[Site "?"]
[Date "2003.??.??"]
[Round "8.8"]
[White "Palek, M."]
[Black "Gross, D."]
[Result "1/2-1/2"]
[WhiteElo "2246"]
[BlackElo "2451"]
[PlyCount "68"]
[EventDate "2003.??.??"]
[Source "ChessBase"]
[SourceDate "1996.11.15"]

1. e4 c5 2. Nf3 e6 3. d4 cxd4 4. Nxd4 Nc6 5. Be3 Nf6 6. Nxc6 bxc6 7. Bd3 d5 8.
Nd2 Be7 9. O-O e5 10. h3 h6 11. exd5 cxd5 12. f4 e4 13. Bb5+ Bd7 14. Ba6 Qa5
15. Be2 Bc5 16. Bxc5 Qxc5+ 17. Kh1 Ba4 18. Nb3 Bxb3 19. axb3 O-O 20. Ra4 Rfe8
21. c3 e3 22. Bf3 Re7 23. Rd4 Rae8 24. Qe2 Ne4 25. Bxe4 Rxe4 26. Rfd1 Qd6 27.
Rxd5 Qxf4 28. Rf1 Qh4 29. Rf3 Qe7 30. b4 Qc7 31. Kg1 Qc6 32. Rd3 Qb6 33. Rd5
Qc6 34. Rd3 Qb6 1/2-1/2

[Event "Plzen, FSB A"]
[Site "?"]
[Date "2003.??.??"]
[Round "8.9"]
[White "Simacek, P."]
[Black "Folkova, M."]
[Result "1/2-1/2"]
[WhiteElo "2437"]
[BlackElo "2179"]
[PlyCount "62"]
[EventDate "2003.??.??"]
[Source "ChessBase"]
[SourceDate "1996.11.15"]

1. e4 e5 2. f4 d5 3. exd5 e4 4. d3 Nf6 5. dxe4 Nxe4 6. Nf3 Bc5 7. Qe2 Bf2+ 8.
Kd1 f5 9. Ng5 Qxd5+ 10. Nd2 Bb6 11. Ngxe4 fxe4 12. Qxe4+ Qxe4 13. Nxe4 Nc6 14.
Bd2 Bg4+ 15. Be2 Bxe2+ 16. Kxe2 Nd4+ 17. Kd1 O-O-O 18. Re1 Rhe8 19. c3 Nf5 20.
Kc2 Nh4 21. Re2 Nxg2 22. Rxg2 Rxe4 23. Re1 Rxe1 24. Bxe1 Re8 25. Bh4 g6 26. Bf6
Rf8 27. Be5 Be3 28. Rg4 Kd7 29. Kd3 Bc5 30. Ke4 c6 31. h4 Rf5 1/2-1/2

[Event "Plzen, FSB A"]
[Site "?"]
[Date "2003.??.??"]
[Round "8.10"]
[White "Lechtynsky, J."]
[Black "Kantorik, M."]
[Result "1-0"]
[WhiteElo "2431"]
[BlackElo "2272"]
[PlyCount "47"]
[EventDate "2003.??.??"]
[Source "ChessBase"]
[SourceDate "1996.11.15"]

1. d4 Nf6 2. Nf3 d5 3. c4 dxc4 4. e3 e6 5. Bxc4 Nbd7 6. O-O a6 7. a4 c5 8. Nc3
cxd4 9. exd4 Be7 10. Qe2 O-O 11. Bg5 Nb6 12. Bb3 Nbd5 13. Rfe1 h6 14. Bh4 Re8
15. Ne5 Nxc3 16. bxc3 Nd5 17. Bg3 Bf6 18. Qd3 Bd7 19. Bc2 Rc8 20. c4 Nb4 21.
Qh7+ Kf8 22. Ng6+ fxg6 23. Bd6+ Be7 24. Bxg6 1-0

[Event "Plzen, FSB A"]
[Site "?"]
[Date "2003.??.??"]
[Round "8.11"]
[White "Klima, L."]
[Black "Rehorek, M."]
[Result "1-0"]
[WhiteElo "2425"]
[BlackElo "2254"]
[PlyCount "39"]
[EventDate "2003.??.??"]
[Source "ChessBase"]
[SourceDate "1996.11.15"]

1. e4 Nf6 2. e5 Nd5 3. d4 d6 4. Nf3 c6 5. c4 Nc7 6. h3 Bf5 7. Nc3 dxe5 8. Nxe5
e6 9. g4 Bg6 10. h4 f6 11. Nxg6 hxg6 12. Qd3 f5 13. h5 Nd7 14. Rg1 Qf6 15. gxf5
gxf5 16. Be2 Be7 17. Bf4 e5 18. dxe5 Nxe5 19. Qe3 Bd6 20. Rg6 1-0

[Event "Plzen, FSB A"]
[Site "?"]
[Date "2003.??.??"]
[Round "8.12"]
[White "Pribyl, J."]
[Black "Cifka, S."]
[Result "1/2-1/2"]
[WhiteElo "2393"]
[BlackElo "2160"]
[PlyCount "84"]
[EventDate "2003.??.??"]
[Source "ChessBase"]
[SourceDate "1996.11.15"]

1. c4 Nf6 2. Nf3 e6 3. g3 b6 4. Bg2 Bb7 5. O-O Be7 6. d4 O-O 7. Nc3 Ne4 8. Bd2
Bf6 9. Rc1 d6 10. d5 Bxc3 11. Bxc3 Nxc3 12. Rxc3 e5 13. e4 Nd7 14. Nh4 Bc8 15.
b4 a5 16. a3 Nb8 17. Qc2 axb4 18. axb4 c5 19. b5 Re8 20. Qb2 Re7 21. Ra3 Rea7
22. Rfa1 Qc7 23. R1a2 g6 24. Qa1 Rxa3 25. Rxa3 Rxa3 26. Qxa3 Nd7 27. Bh3 Nf8
28. Bxc8 Qxc8 29. f3 Nd7 30. Ng2 Kf8 31. Ne3 Ke7 32. Kg2 Qf8 33. h4 h5 34. Kf2
Qh8 35. Ke2 Qf8 36. Qa1 Qh6 37. Qa8 Qf8 38. Qxf8+ Kxf8 39. f4 Kg7 40. Kf3 Kf8
41. Nd1 Ke7 42. Ne3 Kf8 1/2-1/2

[Event "Plzen, FSB A"]
[Site "?"]
[Date "2003.??.??"]
[Round "8.13"]
[White "Jurek, J."]
[Black "Galicek, S."]
[Result "1-0"]
[WhiteElo "2342"]
[BlackElo "2155"]
[PlyCount "55"]
[EventDate "2003.??.??"]
[Source "ChessBase"]
[SourceDate "1996.11.15"]

1. d4 Nf6 2. Nf3 c5 3. d5 b5 4. Bg5 d6 5. Bxf6 gxf6 6. e4 a6 7. a4 b4 8. a5 Rg8
9. Nbd2 Bh6 10. Nc4 Bf4 11. g3 Bh6 12. Nh4 Bg4 13. f3 Bd7 14. f4 Bg4 15. Be2
Bd7 16. Qd3 Bb5 17. Qf3 Bf8 18. Nf5 h6 19. O-O Nd7 20. Qh5 Rg6 21. Nfe3 Qc7 22.
Bg4 O-O-O 23. Be6 f5 24. Bxf5 Rg7 25. e5 dxe5 26. fxe5 Kb8 27. Bxd7 Qxd7 28. e6
1-0

[Event "Plzen, FSB A"]
[Site "?"]
[Date "2003.??.??"]
[Round "8.14"]
[White "Trkulja, Z."]
[Black "Freisler, P."]
[Result "1-0"]
[WhiteElo "2220"]
[BlackElo "2329"]
[PlyCount "73"]
[EventDate "2003.??.??"]
[Source "ChessBase"]
[SourceDate "1996.11.15"]

1. e4 Nf6 2. Nc3 d5 3. exd5 Nxd5 4. Qf3 c6 5. Bc4 Be6 6. Nge2 Nc7 7. Bxe6 Nxe6
8. b3 g6 9. Bb2 Bg7 10. O-O-O Na6 11. Kb1 Nb4 12. d4 Rc8 13. h4 h5 14. a3 Nd5
15. Ne4 Qa5 16. c4 Ndc7 17. d5 cxd5 18. cxd5 Bxb2 19. dxe6 Bf6 20. Nxf6+ exf6
21. exf7+ Kf8 22. Qxf6 Qf5+ 23. Qxf5 gxf5 24. Rd7 Rh7 25. Rc1 Rxf7 26. Rxf7+
Kxf7 27. Nf4 Ke7 28. Rxc7+ Rxc7 29. Nd5+ Kd6 30. Nxc7 Kxc7 31. Kc2 Kd6 32. Kd3
Kd5 33. Ke3 Ke5 34. g3 b5 35. b4 a6 36. Kf3 f4 37. g4 1-0

[Event "Plzen, FSB A"]
[Site "?"]
[Date "2003.??.??"]
[Round "8.16"]
[White "Novak, P."]
[Black "Zeleny, T."]
[Result "1/2-1/2"]
[WhiteElo "2317"]
[BlackElo "2187"]
[PlyCount "51"]
[EventDate "2003.??.??"]
[Source "ChessBase"]
[SourceDate "1996.11.15"]

1. e4 c5 2. Nf3 g6 3. d4 cxd4 4. Nxd4 Bg7 5. c4 Nc6 6. Be3 d6 7. Nc3 Nf6 8. Be2
O-O 9. Nc2 Be6 10. O-O Nd7 11. Qd2 Qa5 12. Nd4 Nxd4 13. Bxd4 Bxd4 14. Qxd4 Qc5
15. Qxc5 Nxc5 16. f4 Rfc8 17. f5 Bd7 18. Nd5 Kf8 19. f6 exf6 20. Nxf6 Bc6 21.
Nxh7+ Kg7 22. Nf6 Nxe4 23. Nxe4 Bxe4 24. Rad1 d5 25. b3 dxc4 26. Bxc4 1/2-1/2

[Event "Plzen, FSB A"]
[Site "?"]
[Date "2003.??.??"]
[Round "8.17"]
[White "Maupin, JP."]
[Black "Studnicka, T."]
[Result "0-1"]
[WhiteElo "2040"]
[BlackElo "2282"]
[PlyCount "100"]
[EventDate "2003.??.??"]
[Source "ChessBase"]
[SourceDate "1996.11.15"]

1. e4 e5 2. Nf3 Nf6 3. Nxe5 d6 4. Nf3 Nxe4 5. Qe2 Qe7 6. d3 Nf6 7. Bg5 Qxe2+ 8.
Bxe2 Be7 9. Nc3 Nbd7 10. O-O-O Nf8 11. Ne4 Nxe4 12. dxe4 Bxg5+ 13. Nxg5 Ng6 14.
g3 h6 15. Nf3 Bd7 16. Nd4 O-O-O 17. f4 h5 18. h4 Ne7 19. Bc4 Rhf8 20. Rhe1 g6
21. Rd3 a6 22. Rde3 Rde8 23. Bb3 c5 24. Nf3 b5 25. c4 Be6 26. cxb5 axb5 27. Rd1
Kc7 28. Bxe6 fxe6 29. Red3 Nc8 30. Ng5 Re7 31. Kc2 Rd8 32. Nf3 Rde8 33. Rb3 Na7
34. Rbd3 Nc6 35. a3 e5 36. Re1 exf4 37. gxf4 Rf8 38. Ng5 Ree8 39. Rf1 Nd4+ 40.
Kd2 Kc6 41. Rg3 Rf6 42. Rg2 b4 43. axb4 Rb8 44. Nh7 Rf7 45. Ng5 Ra7 46. f5 gxf5
47. exf5 Rxb4 48. Ke3 Re7+ 49. Kf4 Ne2+ 50. Kf3 Rf4# 0-1

[Event "Plzen, FSB A"]
[Site "?"]
[Date "2003.??.??"]
[Round "8.18"]
[White "Hlavac, R."]
[Black "Bernasek, J."]
[Result "0-1"]
[WhiteElo "2150"]
[BlackElo "2402"]
[PlyCount "98"]
[EventDate "2003.??.??"]
[Source "ChessBase"]
[SourceDate "1996.11.15"]

1. e4 c5 2. Nf3 e6 3. d4 cxd4 4. Nxd4 a6 5. c4 Qc7 6. a3 Nf6 7. Nc3 b6 8. Be2
Bb7 9. Qd3 d6 10. Be3 Nbd7 11. f3 Be7 12. Rc1 O-O 13. O-O Rac8 14. Kh1 Rfe8 15.
b4 Qb8 16. Na4 Bd8 17. Rfd1 Bc7 18. Bg1 d5 19. exd5 exd5 20. c5 Bf4 21. Rc2
bxc5 22. Nxc5 Nxc5 23. Rxc5 Qe5 24. Bf1 Qh5 25. Qf5 Qh6 26. g4 Rcd8 27. Qc2 Nd7
28. Rc3 Ne5 29. h3 Nc4 30. Kg2 Bb8 31. Qc1 Qf6 32. Re1 Be5 33. Rd3 Rc8 34. Qb1
h5 35. a4 Nd6 36. Qb2 hxg4 37. hxg4 g6 38. Qf2 Rc4 39. Rb1 Qh8 40. Rbb3 Ne4 41.
fxe4 dxe4 42. Rh3 e3+ 43. Nf3 Rxg4+ 44. Kh1 exf2 45. Rxh8+ Kxh8 46. Bxf2 Kg7
47. Bg2 Rh8+ 48. Kg1 Bxf3 49. Rxf3 Rh2 0-1

[Event "Plzen, FSB A"]
[Site "?"]
[Date "2003.??.??"]
[Round "8.19"]
[White "Podbrdsky, P."]
[Black "Folk, P."]
[Result "0-1"]
[WhiteElo "2142"]
[BlackElo "2284"]
[PlyCount "84"]
[EventDate "2003.??.??"]
[Source "ChessBase"]
[SourceDate "1996.11.15"]

1. c4 e5 2. Nc3 Nc6 3. g3 g6 4. Bg2 Bg7 5. e3 f5 6. d3 Nf6 7. Nge2 O-O 8. O-O
d6 9. e4 Kh8 10. Rb1 a5 11. a3 Ne7 12. d4 Nxe4 13. Nxe4 fxe4 14. dxe5 Bxe5 15.
Bxe4 Bf5 16. Bxf5 Nxf5 17. Bd2 Qf6 18. Kg2 Qf7 19. Qb3 b5 20. Bc3 Nh4+ 21. gxh4
Qf3+ 22. Kg1 Qxe2 23. Bxe5+ Qxe5 24. Qxb5 Qe4 25. Qd5 Qg4+ 26. Kh1 Rae8 27.
Rbd1 Re5 28. Rd4 Qe2 29. Qg2 Qxb2 30. Rd3 Ref5 31. f3 Qf6 32. Rd5 Rxd5 33. cxd5
Qxh4 34. Qc2 Rf7 35. Qc3+ Kg8 36. Rb1 Qf6 37. Rb8+ Kg7 38. Qxf6+ Kxf6 39. Ra8
Ke5 40. Rxa5 Rxf3 41. Kg2 Rc3 42. a4 Rc5 0-1

[Event "Plzen, FSB A"]
[Site "?"]
[Date "2003.??.??"]
[Round "8.20"]
[White "Purnoch, J."]
[Black "Volodin, V."]
[Result "1-0"]
[WhiteElo "2139"]
[BlackElo "2279"]
[PlyCount "63"]
[EventDate "2003.??.??"]
[Source "ChessBase"]
[SourceDate "1996.11.15"]

1. d4 d5 2. Nf3 e6 3. c4 Nf6 4. Nc3 c6 5. Bg5 h6 6. Bh4 dxc4 7. e4 g5 8. Bg3 b5
9. Be2 Bb7 10. h4 g4 11. Ne5 h5 12. O-O Bg7 13. f3 O-O 14. fxg4 hxg4 15. Bxg4
b4 16. Nxf7 Rxf7 17. Bxe6 bxc3 18. bxc3 Qe7 19. Bxf7+ Qxf7 20. e5 Nbd7 21. Rb1
Nb6 22. exf6 Bh6 23. Bf4 Kh7 24. Bxh6 Kxh6 25. Qd2+ Kh7 26. Rbe1 Nd5 27. Rf5
Rf8 28. Ree5 Nxf6 29. Qg5 Qg7 30. Re6 Ng8 31. Qh5+ Nh6 32. Rxh6+ 1-0

[Event "Plzen, FSB A"]
[Site "?"]
[Date "2003.??.??"]
[Round "8.21"]
[White "Novy, V."]
[Black "Blazkova, P."]
[Result "0-1"]
[WhiteElo "2107"]
[BlackElo "2222"]
[PlyCount "62"]
[EventDate "2003.??.??"]
[Source "ChessBase"]
[SourceDate "1996.11.15"]

1. e4 c5 2. Nf3 e6 3. c3 d5 4. e5 d4 5. d3 Nc6 6. g3 Nge7 7. Bg5 Qc7 8. Bxe7
Bxe7 9. Qe2 O-O 10. Bg2 dxc3 11. Nxc3 Nd4 12. Nxd4 cxd4 13. Nd1 Bb4+ 14. Kf1
Bd7 15. Be4 Rac8 16. a3 Be7 17. Kg2 Bc6 18. Kh3 f6 19. exf6 Rxf6 20. Re1 Qa5
21. Kg2 Rh6 22. Bxc6 Rxc6 23. f4 Qa4 24. Nf2 Rc2 25. Qe5 Qc6+ 26. Re4 Rxf2+ 27.
Kxf2 Rxh2+ 28. Kf3 Qc2 29. Qxe6+ Kh8 30. Qxe7 Qg2+ 31. Kg4 Qh3+ 0-1

[Event "Plzen, FSB A"]
[Site "?"]
[Date "2003.??.??"]
[Round "8.22"]
[White "Priborsky, I."]
[Black "Kuba, J."]
[Result "0-1"]
[WhiteElo "2100"]
[BlackElo "2180"]
[PlyCount "68"]
[EventDate "2003.??.??"]
[Source "ChessBase"]
[SourceDate "1996.11.15"]

1. e4 c5 2. Nf3 Nc6 3. d4 cxd4 4. Nxd4 Nf6 5. Nc3 e6 6. Ndb5 d6 7. Bf4 e5 8.
Bg5 a6 9. Na3 b5 10. Nd5 Be7 11. Bxf6 Bxf6 12. Nb1 Bg5 13. a4 Qa5+ 14. c3 b4
15. Be2 bxc3 16. bxc3 O-O 17. O-O Be6 18. Na3 f5 19. Nb4 Nd4 20. cxd4 Qxb4 21.
exf5 Bxf5 22. d5 Rfc8 23. Bd3 e4 24. Bb1 Rc1 25. Qe2 Rac8 26. Nc2 Qb2 27. Qxa6
R8xc2 28. Bxc2 Qxa1 29. h4 Rxf1+ 30. Qxf1 Qxf1+ 31. Kxf1 Bxh4 32. a5 Bd8 33. a6
Bb6 34. f3 Bc8 0-1